Inkblots : Hermann Rorschach, his iconic test and the power of seeing (Record no. 1227065)

MARC details
000 -LEADER
fixed length control field 00625nam a2200217Ia 4500
005 - DATE AND TIME OF LATEST TRANSACTION
control field 20241129110029.0
008 - FIXED-LENGTH DATA ELEMENTS--GENERAL INFORMATION
fixed length control field 241129s9999||||xx |||||||||||||| ||und||
020 ## - INTERNATIONAL STANDARD BOOK NUMBER
International Standard Book Number 978-1-4711-3041-0
037 ## - SOURCE OF ACQUISITION
Stock number TB
040 ## - CATALOGING SOURCE
Original cataloging agency ARTS
Language of cataloging eng
Transcribing agency ARTS
041 ## - LANGUAGE CODE
Language code of text/sound track or separate title eng
Source of code eng
084 ## - COLON CLASSIFICATION NUMBER
Classification number SxM84w Q7
Assigning agency ARTS
100 ## - MAIN ENTRY--PERSONAL NAME
Personal name Searls Damion Au.
9 (RLIN) 726965
245 #0 - TITLE STATEMENT
Title Inkblots : Hermann Rorschach, his iconic test and the power of seeing
Statement of responsibility, etc. Searls Damion Au.
260 ## - PUBLICATION, DISTRIBUTION, ETC.
Place of publication, distribution, etc. UK
Name of publisher, distributor, etc. Simon and Schuster
Date of publication, distribution, etc. 2023
300 ## - PHYSICAL DESCRIPTION
Extent x,405p.
365 ## - TRADE PRICE
Price type code UKP
Price amount 12.99
650 ## - SUBJECT ADDED ENTRY--TOPICAL TERM
Topical term or geographic name entry element Psychology
942 ## - ADDED ENTRY ELEMENTS (KOHA)
Koha item type Textbook
Classification part SxM84w Q7
Holdings
Withdrawn status Lost status Damaged status Not for loan Home library Current library Date acquired Source of acquisition Cost, normal purchase price Inventory number Total Checkouts Full call number Barcode Date last seen Price effective from Koha item type
        Arts Library Arts Library 2024-11-29 International Book Distributors 12.99 119947 & 07/12/2023   SxM84w Q7 AL1803098 2024-11-29 2024-11-29 Textbook
Copyright @ Delhi University Library System